000 00777nam a2200253Ii 4500
003 URS
008 221124s9999 xx 000 0 und d
020 _a9781472557452
020 _a9781849666596
020 _a9781849666770
020 _a9781849666787
020 _a9781849666794
245 0 _aConfessions
_bthe philosophy of transparency
_cThomas Docherty.
264 1 _bBloomsbury Academic
_c2012
300 _a1 online resource
336 _atext
_btxt
_2rdacontent
337 _acomputer
_bc
_2rdamedia
338 _aonline resource
_bcr
_2rdacarrier
490 _aThe WISH List
653 _aLiterary Studies
856 _u10.5040/9781849666770
856 _uhttp://dx.doi.org/10.5040/9781849666770?locatt=label:secondary_bloomsburyCollections
942 _cE-BOOK
999 _c59485
_d59485